000 00792nam a2200193 a 4500
001 000028394
005 20240304103305.0
008 110408s2004 dr ad 000 | spa d
040 _aDO-SdBNP
_bspa
_cBNPHU
082 _axxx
_bR426e
110 1 _aRepública Dominicana.
_b Secretaría de Estado de Medio Ambiente y Recursos Naturales
_914503
245 1 0 _aEvaluación rápida de la contaminación por fuente vehicular :
_ben paso a desnivel del túnel de las Américas en Santo Domingo.
260 _aSanto Domingo :
_bSecretaría de Estado de Medio Ambiente y Recursos Naturales,
_c2004.
300 _a39 p. :
_bil., diagr. ;
_c20 cm.
490 1 _aEstudios e investigación
504 _aIncluye referencias bibliográficas.
830 0 _aEstudios e investigación
_955351
049 _aBNPD
999 _c27886
_d27886